00394nam a22001337a 4500003000400000005001700004008004100021020001800062082001000080100001200090245009100102260003700193700003000230OSt20241206121450.0241206b |||||||| |||| 00| 0 eng d a9783110313369 a220.3 aMidrash aEncyclopedia of the Bible and its reception Vol.-19cby, Midrash and Aggadah Mourning  aBerlinbWalter de Gruyter c2021 aMourning, AggadaheAuthor